Wszystkie miasta Polski na literę A - Statystyki

Ogólne statystyki
  • Ten quiz został rozwiązany 667 razy
  • Średni wynik to 5 z 6
Statystyki odpowiedzi
Województwo Populacja Miasto % Poprawnych
podlaskie 29946 Augustów
94%
łódzkie 21754 Aleksandrów Łódzki
89%
kujawsko-pomorskie 12058 Aleksandrów Kujawski
88%
małopolskie 19837 Andrychów
88%
lubelskie 2436 Annopol
77%
małopolskie 3336 Alwernia
74%
Nie znaleziono quizów pasujących do podanych kryteriów
Rozkład punktacji
Procent ludzi z każdym wynikiem
Percentyl według liczby udzielonych odpowiedzi
Twoja historia wyników
Nie rozwiązałeś tego quizu